000 00507nam a2200181 a 4500
001 BRCA_2657
005 20190320203917.0
008 011208s1951----nyua---###---#000-0#eng-u
050 4 _aNK4565.5
_b.J46 1951
100 1 _aJenyns, Soame
_97546
245 1 0 _aLater Chinese porcelain
_bthe Ch´ing Dynasty, 1644-1912
_cSoame Jenyns.
260 _aNew York
_bPitman
_c1951
300 _a104 p.
_bil., 120 láminas
_c26 cm.
500 _aA105
650 1 4 _aPorcelana china
_91313
902 _aGFM
942 _2lcc
_cB
999 _c2397
_d2397